[Event "DRUGA LIGA CENTRALNE SRBIJE - ISTOK 2017"]
[Site "Srebrno jezero"]
[Date "2017.10.06"]
[Round "8.1"]
[White "Djukic, Slobodan D"]
[Black "Todorovic, Nenad I"]
[Result "1/2-1/2"]
[WhiteElo "2176"]
[BlackElo "2262"]
[PlyCount "59"]
[EventDate "2017.09.08"]

1. e4 c5 2. Nf3 d6 3. d4 cxd4 4. Nxd4 Nf6 5. Nc3 a6 6. b3 e6 7. g4 h6 8. Bg2 g5
9. Be3 Bg7 10. Qd2 Nbd7 11. O-O-O Ne5 12. h3 Qc7 13. Nde2 b5 14. Kb2 Bb7 15.
Ng3 Rc8 16. a3 Nfd7 17. Nce2 Nb6 18. Kb1 Bf6 19. Nh5 Be7 20. Bd4 Rg8 21. Rc1
Nbd7 22. Bb2 Nc5 23. Neg3 a5 24. f4 gxf4 25. Nxf4 Bc6 26. Qc3 Qb6 27. Qd4 Qb8
28. Nfh5 a4 29. b4 Ncd3 30. Rcf1 1/2-1/2

[Event "DRUGA LIGA CENTRALNE SRBIJE - ISTOK 2017"]
[Site "Srebrno jezero"]
[Date "2017.10.06"]
[Round "8.1"]
[White "Grkovic, Vladan"]
[Black "Madjar, Stanislav"]
[Result "1-0"]
[WhiteElo "2213"]
[BlackElo "2176"]
[PlyCount "86"]
[EventDate "2017.09.08"]

1. d4 Nf6 2. Nf3 e6 3. Bg5 c5 4. e3 Be7 5. Be2 b6 6. O-O Bb7 7. c4 O-O 8. Nc3
cxd4 9. Nxd4 Na6 10. Bf3 d5 11. cxd5 Nxd5 12. Nxd5 exd5 13. Bxe7 Qxe7 14. Qa4
Nc5 15. Qa3 Qf6 16. Rac1 a5 17. Rfd1 Rfd8 18. Rd2 g6 19. Rcd1 Ne4 20. Bxe4 dxe4
21. Rc1 Rac8 22. Rdc2 Rxc2 23. Rxc2 Qd6 24. Qxd6 Rxd6 25. Rc7 Ba6 26. h4 Bd3
27. g4 h6 28. Kg2 Rd5 29. Kg3 b5 30. a3 a4 31. Kf4 h5 32. Nc6 Rd6 33. g5 Bc4
34. Nd4 f5 35. Ke5 Rd8 36. Rc6 Kh7 37. Rc7+ Kg8 38. Kf6 Rd6+ 39. Ke7 Rb6 40.
Rc6 Rb7+ 41. Kf6 Kh7 42. Ne6 Bxe6 43. Rxe6 Rc7 1-0

[Event "DRUGA LIGA CENTRALNE SRBIJE - ISTOK 2017"]
[Site "Srebrno jezero"]
[Date "2017.10.06"]
[Round "8.1"]
[White "Ilic, Aleksandar"]
[Black "Djordjevic, Danilo"]
[Result "1-0"]
[WhiteElo "2072"]
[BlackElo "2125"]
[PlyCount "30"]
[EventDate "2017.09.08"]

1. e4 d5 2. exd5 Nf6 3. d4 Bg4 4. f3 Bf5 5. c4 e6 6. Qb3 exd5 7. Qxb7 Nbd7 8.
c5 Be7 9. Nc3 O-O 10. Nb5 Rb8 11. Qxa7 Re8 12. Kf2 Ne4+ 13. fxe4 Bxe4 14. Qxc7
Bf8 15. Nh3 g6 1-0

[Event "DRUGA LIGA CENTRALNE SRBIJE - ISTOK 2017"]
[Site "Srebrno jezero"]
[Date "2017.10.06"]
[Round "8.1"]
[White "Ratkovic, Tihomir"]
[Black "Milosavljevic, Ivan"]
[Result "0-1"]
[WhiteElo "1780"]
[BlackElo "2063"]
[PlyCount "120"]
[EventDate "2017.09.08"]

1. Nf3 Nc6 2. c4 e5 3. Nc3 Nf6 4. d3 h6 5. g3 Bc5 6. Bg2 d6 7. O-O O-O 8. a3 a5
9. h3 Rb8 10. Rb1 Bf5 11. Nd2 Qd7 12. Kh2 Nd4 13. Nde4 Nxe4 14. Nxe4 Ba7 15. b4
axb4 16. axb4 b5 17. e3 Ne6 18. Ra1 Bb6 19. Nc3 c6 20. cxb5 cxb5 21. Nd5 Bd8
22. e4 Bg6 23. f4 exf4 24. gxf4 f5 25. Be3 Nc7 26. Ra7 Ra8 27. Qb3 Bf7 28. Qa3
Rxa7 29. Qxa7 Bxd5 30. exd5 Rf7 31. Bd4 Bf6 32. Bb6 Ne8 33. Qb8 Kh7 34. Qa8 Re7
35. Qc6 Bh4 36. Ra1 Nf6 37. Ra7 Qe8 38. Qxe8 Rxe8 39. Bd4 Re2 40. Kg1 Nh5 41.
Bf1 Re7 42. Rxe7 Bxe7 43. Be3 Ng3 44. Kg2 Nxf1 45. Kxf1 Bf6 46. Bd2 Bd4 47. Ke2
Kg6 48. Kf3 Kh5 49. Kg3 g5 50. Kf3 Kh4 51. Kg2 g4 52. Be1+ Kh5 53. Kg3 Bf6 54.
Bd2 gxh3 55. Kxh3 Kg6 56. Kg3 Bd4 57. Kf3 Kh5 58. Be1 Kg6 59. Bd2 Bg1 60. Be1
h5 0-1

[Event "DRUGA LIGA CENTRALNE SRBIJE - ISTOK 2017"]
[Site "Srebrno jezero"]
[Date "2017.10.06"]
[Round "8.1"]
[White "Velickovic, Dusan"]
[Black "Slavkovic, Uros"]
[Result "1-0"]
[WhiteElo "1970"]
[BlackElo "1703"]
[PlyCount "111"]
[EventDate "2017.09.08"]

1. d4 Nf6 2. Bg5 Ne4 3. Bf4 d6 4. Nd2 Bf5 5. f3 Nxd2 6. Qxd2 d5 7. e3 e6 8. Bd3
Bxd3 9. Qxd3 Nc6 10. Ne2 Bd6 11. c4 O-O 12. O-O Qe7 13. Rfe1 Rfd8 14. Bxd6 Qxd6
15. Qc3 Qb4 16. Rec1 Rac8 17. a3 Qxc3 18. Rxc3 Na5 19. cxd5 exd5 20. Rac1 Rd7
21. b3 Re7 22. Kf2 c6 23. Nf4 Rce8 24. Nh5 h6 25. Ng3 g6 26. Nf1 Kg7 27. Nd2 f5
28. f4 g5 29. g3 Kg6 30. Nf3 Kf6 31. Ne5 g4 32. Re1 h5 33. b4 Nc4 34. Nxc4 dxc4
35. Rxc4 Re6 36. Rc5 b6 37. Re5 Rd8 38. h3 Rxe5 39. fxe5+ Ke6 40. hxg4 fxg4 41.
Rh1 Rh8 42. Ke2 Rh7 43. Kd3 Rh8 44. Ke4 Rf8 45. Rxh5 Rf3 46. Rh6+ Kd7 47. Rg6
Rxg3 48. Kf4 Rf3+ 49. Ke4 Rg3 50. Rg7+ Ke6 51. Rxa7 Rg1 52. Rc7 Rf1 53. Rxc6+
Kf7 54. Rf6+ Rxf6 55. exf6 Kxf6 56. Kf4 1-0

[Event "DRUGA LIGA CENTRALNE SRBIJE - ISTOK 2017"]
[Site "Srebrno jezero"]
[Date "2017.10.06"]
[Round "8.2"]
[White "Dmitrovic, Tomislav"]
[Black "Delchev, Aleksander"]
[Result "0-1"]
[WhiteElo "2273"]
[BlackElo "2577"]
[PlyCount "20"]
[EventDate "2017.09.08"]

1. b3 c5 2. Bb2 d5 3. Nf3 f6 4. e3 e5 5. Bb5+ Nc6 6. O-O Bd6 7. d4 cxd4 8. exd4
a6 9. dxe5 fxe5 10. Bxc6+ bxc6 0-1

[Event "DRUGA LIGA CENTRALNE SRBIJE - ISTOK 2017"]
[Site "Srebrno jezero"]
[Date "2017.10.06"]
[Round "8.2"]
[White "Miljkovic, Mihajlo"]
[Black "Petrov, Georgi"]
[Result "1/2-1/2"]
[WhiteElo "2267"]
[BlackElo "2227"]
[PlyCount "84"]
[EventDate "2017.09.08"]

1. d4 Nf6 2. c4 e6 3. Nc3 Bb4 4. Qc2 d5 5. a3 Be7 6. Nf3 O-O 7. Bg5 dxc4 8. e3
b6 9. Bxc4 Bb7 10. O-O Nbd7 11. Rad1 h6 12. Bh4 Nh5 13. Bg3 Nxg3 14. hxg3 Nf6
15. Ba2 Bxf3 16. gxf3 c6 17. e4 Re8 18. Kg2 Rc8 19. Rh1 Rc7 20. Bb1 Nd7 21. e5
Nf8 22. Qe4 f5 23. Qc2 Rd7 24. Ba2 Kh8 25. Qd2 Bg5 26. f4 Be7 27. Qe3 Qa8 28.
Qf3 Red8 29. Ne2 Bc5 30. Rd2 Be7 31. Rc2 c5 32. Qxa8 Rxa8 33. dxc5 bxc5 34.
Rhc1 Kg8 35. Nc3 Kf7 36. Na4 Rb8 37. b3 c4 38. b4 a5 39. Nc5 Ra8 40. Bxc4 axb4
41. axb4 Ra4 42. Nd3 Rb7 1/2-1/2

[Event "DRUGA LIGA CENTRALNE SRBIJE - ISTOK 2017"]
[Site "Srebrno jezero"]
[Date "2017.10.06"]
[Round "8.2"]
[White "Mincic, Srbislav"]
[Black "Terzic, Goran"]
[Result "0-1"]
[WhiteElo "2191"]
[BlackElo "2217"]
[PlyCount "60"]
[EventDate "2017.09.08"]

1. e4 d5 2. exd5 Qxd5 3. Nc3 Qd6 4. d4 Nf6 5. Nf3 Nc6 6. Nb5 Qd8 7. Bf4 Nd5 8.
Bg3 a6 9. Nc3 Bg4 10. Be2 e6 11. Nxd5 exd5 12. O-O Bd6 13. Re1 O-O 14. Ne5 Bxe5
15. dxe5 Bxe2 16. Rxe2 d4 17. a3 Qd5 18. Qd3 Ne7 19. f4 c5 20. Rd1 Rad8 21. Bh4
Ng6 22. Bg3 c4 23. Qe4 f5 24. exf6 Rxf6 25. Red2 Rc8 26. Kf2 Nf8 27. Kf3 Ne6
28. Bh4 Rc7 29. g4 d3 30. cxd3 Rxf4+ 0-1

[Event "DRUGA LIGA CENTRALNE SRBIJE - ISTOK 2017"]
[Site "Srebrno jezero"]
[Date "2017.10.06"]
[Round "8.2"]
[White "Raicevic, Ivica"]
[Black "Tonic, Milos"]
[Result "1-0"]
[WhiteElo "2174"]
[BlackElo "2021"]
[PlyCount "95"]
[EventDate "2017.09.08"]

1. c4 e5 2. Nc3 Nf6 3. g3 d5 4. Nf3 Nc6 5. cxd5 Nxd5 6. d3 Be7 7. Bg2 Nb6 8.
O-O O-O 9. b3 Be6 10. Bb2 f6 11. h3 Qd7 12. Kh2 Nd4 13. Nd2 c6 14. Rc1 a5 15.
Nc4 Nc8 16. Ne4 b5 17. Ncd2 Bd5 18. e3 Ne6 19. d4 f5 20. Nc5 Nxc5 21. Bxd5+
Qxd5 22. dxc5 Rd8 23. Nf3 Qe4 24. Qe2 Bf6 25. Rfd1 Ne7 26. Rd6 Rxd6 27. cxd6
Ng6 28. Kg2 Rd8 29. Rd1 Rd7 30. Kg1 f4 31. Kh2 fxg3+ 32. fxg3 h5 33. a3 Kh7 34.
Rd2 Kg8 35. Ne1 Bg5 36. Ng2 Bf6 37. h4 Nh8 38. a4 bxa4 39. bxa4 Nf7 40. Ba3
Qxa4 41. Bc5 Qb5 42. Qg4 Rd8 43. Ba3 a4 44. Qe2 e4 45. Nf4 Ne5 46. Kg2 Nf3 47.
Ra2 g5 48. Qf2 1-0

[Event "DRUGA LIGA CENTRALNE SRBIJE - ISTOK 2017"]
[Site "Srebrno jezero"]
[Date "2017.10.06"]
[Round "8.2"]
[White "Dimitrijevic, Dusan"]
[Black "Stojiljkovic, Stefan"]
[Result "1/2-1/2"]
[WhiteElo "2109"]
[BlackElo "2184"]
[PlyCount "28"]
[EventDate "2017.09.08"]

1. e4 c6 2. d4 d5 3. Nd2 dxe4 4. Nxe4 Nd7 5. Bd3 e6 6. Nf3 Ngf6 7. O-O Bd6 8.
Qe2 O-O 9. Re1 Bf4 10. b3 Bxc1 11. Raxc1 b6 12. Ne5 Bb7 13. a4 c5 14. c4 cxd4
1/2-1/2

[Event "DRUGA LIGA CENTRALNE SRBIJE - ISTOK 2017"]
[Site "Srebrno jezero"]
[Date "2017.10.06"]
[Round "8.2"]
[White "Arsic, Djordje"]
[Black "Stanojevic, Ilija"]
[Result "1-0"]
[WhiteElo "2137"]
[BlackElo "2056"]
[PlyCount "26"]
[EventDate "2017.09.08"]

1. e4 b6 2. d4 Bb7 3. Be3 e6 4. Bd3 Nf6 5. f3 c5 6. Ne2 Nc6 7. Nbc3 Be7 8. O-O
d5 9. e5 Nd7 10. f4 Qc7 11. f5 O-O-O 12. fxe6 fxe6 13. Nb5 Qb8 1-0

[Event "DRUGA LIGA CENTRALNE SRBIJE - ISTOK 2017"]
[Site "Srebrno jezero"]
[Date "2017.10.06"]
[Round "8.2"]
[White "Mitic, Ivan M"]
[Black "Marjanovic, Miroslav"]
[Result "0-1"]
[WhiteElo "1933"]
[BlackElo "2107"]
[PlyCount "66"]
[EventDate "2017.09.08"]

1. e4 d6 2. d4 Nf6 3. Nc3 g6 4. Nf3 Bg4 5. h3 Bxf3 6. Qxf3 Bg7 7. Be3 Nc6 8.
O-O-O e5 9. dxe5 Nxe5 10. Qe2 O-O 11. g4 b5 12. Kb1 c6 13. f4 Nc4 14. Bc1 Qa5
15. Qe1 Rfd8 16. Bxc4 bxc4 17. Nd5 Qa4 18. Nxf6+ Bxf6 19. b3 cxb3 20. cxb3 Qb5
21. Bb2 Bxb2 22. Kxb2 a5 23. h4 a4 24. Qe3 axb3 25. axb3 c5 26. Qd3 Qb4 27. Ra1
Qb6 28. Rxa8 Rxa8 29. Rc1 c4 30. g5 cxb3 31. Qxb3 Qa7 32. Rc4 Qa1+ 33. Kc2 Ra2+
0-1

[Event "DRUGA LIGA CENTRALNE SRBIJE - ISTOK 2017"]
[Site "Srebrno jezero"]
[Date "2017.10.06"]
[Round "8.3"]
[White "Urosevic, Goran"]
[Black "Livaja, Mario"]
[Result "1/2-1/2"]
[WhiteElo "2267"]
[BlackElo "2314"]
[PlyCount "33"]
[EventDate "2017.09.08"]

1. d4 Nf6 2. c4 c5 3. d5 b5 4. cxb5 a6 5. bxa6 d6 6. Nc3 e6 7. e4 Be7 8. Nf3
O-O 9. Be2 Qa5 10. O-O Nfd7 11. h3 Bxa6 12. Re1 Rd8 13. Qc2 Nf8 14. Ng5 Bxg5
15. Qb3 Be7 16. Bd2 Bxe2 17. Nb1 1/2-1/2

[Event "DRUGA LIGA CENTRALNE SRBIJE - ISTOK 2017"]
[Site "Srebrno jezero"]
[Date "2017.10.06"]
[Round "8.3"]
[White "Zivkovic, Marko"]
[Black "Cvetkovic, Nemanja"]
[Result "1/2-1/2"]
[WhiteElo "2194"]
[BlackElo "2253"]
[PlyCount "75"]
[EventDate "2017.09.08"]

1. d4 Nf6 2. Bf4 e6 3. e3 c5 4. c3 b6 5. Nf3 Bb7 6. Nbd2 Be7 7. h3 O-O 8. Bd3
cxd4 9. exd4 d6 10. O-O Nbd7 11. Nc4 Qc7 12. a4 a6 13. Re1 Rfe8 14. Kh2 Bc6 15.
Qe2 Bf8 16. Ne3 Qb7 17. Nc4 Qc7 18. Qe3 b5 19. axb5 axb5 20. Na3 Qb7 21. Nc2
Nb6 22. Nb4 Nbd5 23. Nxd5 Nxd5 24. Qe2 Rxa1 25. Rxa1 Ra8 26. Rxa8 Qxa8 27. Bg3
Qb7 28. Ng5 Nf6 29. f3 b4 30. c4 Qa7 31. Bf2 g6 32. g4 h6 33. Ne4 Nxe4 34. fxe4
Bg7 35. d5 Qa1 36. Qe1 Qxe1 37. Bxe1 Bd7 38. b3 1/2-1/2

[Event "DRUGA LIGA CENTRALNE SRBIJE - ISTOK 2017"]
[Site "Srebrno jezero"]
[Date "2017.10.06"]
[Round "8.3"]
[White "Gajovic, Dragan"]
[Black "Kulak, Dejan"]
[Result "1/2-1/2"]
[WhiteElo "2141"]
[BlackElo "2180"]
[PlyCount "38"]
[EventDate "2017.09.08"]

1. g3 d5 2. Bg2 Nf6 3. Nf3 Bf5 4. b3 h6 5. Ba3 Nbd7 6. c4 e6 7. cxd5 Bxa3 8.
Nxa3 exd5 9. O-O c6 10. d3 O-O 11. Re1 Re8 12. Qd2 a5 13. Nb1 Nc5 14. Nd4 Bh7
15. Nc3 Qd6 16. Rac1 Qe5 17. Nxc6 bxc6 18. d4 Nce4 19. Qe3 Qd6 1/2-1/2

[Event "DRUGA LIGA CENTRALNE SRBIJE - ISTOK 2017"]
[Site "Srebrno jezero"]
[Date "2017.10.06"]
[Round "8.3"]
[White "Djordjevic, Dejan N"]
[Black "Jakovljevic, Dejan"]
[Result "1-0"]
[WhiteElo "2190"]
[BlackElo "2064"]
[PlyCount "78"]
[EventDate "2017.09.08"]

1. e4 e6 2. d3 d5 3. Nd2 Nf6 4. Ngf3 Nc6 5. c3 dxe4 6. dxe4 e5 7. Bc4 Bc5 8.
Qe2 O-O 9. b4 Bd6 10. Rb1 Bg4 11. h3 Bh5 12. Bd3 Qe7 13. Nc4 Rad8 14. O-O Rd7
15. a4 Rfd8 16. Bc2 Bxb4 17. g4 Nxg4 18. hxg4 Bxg4 19. cxb4 Nd4 20. Nxd4 Bxe2
21. Nxe2 Qe6 22. Ne3 Qh3 23. Ng3 h5 24. Rb3 Kh7 25. Rd1 h4 26. Ngf1 Rd6 27.
Rxd6 Rxd6 28. Nh2 Rg6+ 29. Kh1 Qd7 30. Rd3 Qc6 31. Rd5 Qc3 32. Bd2 Qa1+ 33.
Nhf1 Rc6 34. Bd1 Qb1 35. Rxe5 g5 36. Kg2 Rd6 37. Re7 Kg8 38. Bc2 Qa1 39. Rxc7
Qf6 1-0

[Event "DRUGA LIGA CENTRALNE SRBIJE - ISTOK 2017"]
[Site "Srebrno jezero"]
[Date "2017.10.06"]
[Round "8.3"]
[White "Golubovic, Marko"]
[Black "Stankovic, Dejan"]
[Result "1-0"]
[WhiteElo "1976"]
[BlackElo "2222"]
[PlyCount "50"]
[EventDate "2017.09.08"]

1. e4 e5 2. Nf3 Nf6 3. Nxe5 d6 4. Nf3 Nxe4 5. Nc3 Nf6 6. Bc4 d5 7. Bb3 Be7 8.
h3 O-O 9. O-O c6 10. Ne2 Ne4 11. d3 Nc5 12. Ng3 Bd6 13. Be3 Nxb3 14. axb3 a6
15. Qd2 Qd7 16. Rac1 Qc7 17. Rce1 Nd7 18. Nf5 Ne5 19. N3h4 Ng6 20. Nxg6 Bh2+
21. Kh1 fxg6 22. Bb6 Qxb6 23. Ne7+ Kf7 24. Qg5 Bf4 25. Qxf4+ Bf5 1-0

[Event "DRUGA LIGA CENTRALNE SRBIJE - ISTOK 2017"]
[Site "Srebrno jezero"]
[Date "2017.10.06"]
[Round "8.3"]
[White "Pantic, Dejan"]
[Black "Ivanovic, Veljko"]
[Result "1/2-1/2"]
[WhiteElo "1830"]
[BlackElo "1962"]
[PlyCount "43"]
[EventDate "2017.09.08"]

1. e4 c5 2. g3 g6 3. Bg2 Bg7 4. c3 Nc6 5. Ne2 d6 6. O-O Nf6 7. d4 cxd4 8. Nxd4
Bd7 9. h3 O-O 10. Be3 a6 11. Nd2 Rc8 12. Rc1 Nxe4 13. Qe2 Qc7 14. f4 Rfe8 15.
Nxc6 Bxc6 16. Bxe4 e5 17. fxe5 dxe5 18. Bf2 Rcd8 19. Qc4 Bh6 20. Rcd1 b5 21.
Qe2 Ba8 22. Nf3 1/2-1/2

[Event "DRUGA LIGA CENTRALNE SRBIJE - ISTOK 2017"]
[Site "Srebrno jezero"]
[Date "2017.10.06"]
[Round "8.3"]
[White "Petrovic, Dusan"]
[Black "Savic, Natasa"]
[Result "1-0"]
[WhiteElo "1873"]
[BlackElo "1338"]
[PlyCount "23"]
[EventDate "2017.09.08"]

1. c4 d6 2. Nf3 Nf6 3. e4 c5 4. Qa4+ Bd7 5. Qb4 Nxe4 6. Qxb7 Qa5 7. Ne5 Nc3 8.
dxc3 Qxc3+ 9. bxc3 Bf5 10. Qxa8 Bc8 11. Qxb8 h6 12. Qxc8# 1-0

[Event "DRUGA LIGA CENTRALNE SRBIJE - ISTOK 2017"]
[Site "Srebrno jezero"]
[Date "2017.10.06"]
[Round "8.5"]
[White "Radosavljevic, Slobodan D"]
[Black "Golubovic, Zoran"]
[Result "1/2-1/2"]
[WhiteElo "2253"]
[BlackElo "2274"]
[PlyCount "39"]
[EventDate "2017.09.08"]

1. g3 Nf6 2. Bg2 g6 3. Nf3 Bg7 4. O-O O-O 5. c4 c6 6. Nc3 d5 7. cxd5 cxd5 8. d4
b6 9. Ne5 Bb7 10. Qa4 e6 11. Rd1 a6 12. Bg5 b5 13. Qb3 Qe7 14. Rac1 Rc8 15. a4
b4 16. Na2 a5 17. Rxc8+ Bxc8 18. Rc1 Ba6 19. Rc5 Nbd7 20. Rc7 1/2-1/2

[Event "DRUGA LIGA CENTRALNE SRBIJE - ISTOK 2017"]
[Site "Srebrno jezero"]
[Date "2017.10.06"]
[Round "8.5"]
[White "Popovic, Djordje D"]
[Black "Radivojevic, Milan Z"]
[Result "1-0"]
[WhiteElo "2247"]
[BlackElo "2083"]
[PlyCount "54"]
[EventDate "2017.09.08"]

1. d4 Nf6 2. c4 e6 3. Nc3 c5 4. d5 exd5 5. cxd5 Bd6 6. Nf3 Bc7 7. Bg5 d6 8. e3
Nbd7 9. Be2 O-O 10. O-O Re8 11. h3 Nf8 12. Bd3 Ng6 13. Ne4 h6 14. Nxf6+ gxf6
15. Bxh6 f5 16. Bg5 f6 17. Bh4 Kf7 18. Qc2 Rh8 19. Bg3 Ne5 20. Bxe5 fxe5 21.
Bxf5 Qf6 22. Bxc8 Raxc8 23. Nh2 Rcg8 24. e4 Ke8 25. Ng4 Rxg4 26. hxg4 Qh4 27.
Qa4+ Ke7 1-0

[Event "DRUGA LIGA CENTRALNE SRBIJE - ISTOK 2017"]
[Site "Srebrno jezero"]
[Date "2017.10.06"]
[Round "8.5"]
[White "Zivic, Jovan"]
[Black "Stefanovic, Vladimir"]
[Result "0-1"]
[WhiteElo "1979"]
[BlackElo "2238"]
[PlyCount "114"]
[EventDate "2017.09.08"]

1. d4 Nf6 2. Nf3 g6 3. Bf4 Bg7 4. c3 O-O 5. h3 d6 6. e3 c5 7. Be2 b6 8. O-O Ba6
9. Nbd2 Qc8 10. Re1 Qb7 11. a4 Nbd7 12. Bxa6 Qxa6 13. Qb3 Rac8 14. Bh2 Qb7 15.
a5 b5 16. a6 Qb6 17. e4 e6 18. Bxd6 Qxd6 19. e5 Qb6 20. exf6 Nxf6 21. dxc5 Rxc5
22. Nd4 Nd5 23. N2f3 Rd8 24. h4 Nc7 25. Qb4 Rcd5 26. Qa5 R8d6 27. Qxb6 Rxb6 28.
Ra5 b4 29. Rxd5 Nxd5 30. cxb4 Nxb4 31. Rc1 Bxd4 32. Nxd4 Rxa6 33. Rc7 Nd3 34.
Rc2 Ra1+ 35. Kh2 Ra4 36. Nf3 Rb4 37. Rd2 Nxb2 38. Rd8+ Kg7 39. Rd7 h6 40. Rxa7
Nd3 41. Kg3 Rb2 42. Rd7 Nc5 43. Rd4 f5 44. Rc4 Ne4+ 45. Kh2 Nxf2 46. Ne5 Kf6
47. Nd7+ Ke7 48. Ne5 g5 49. hxg5 hxg5 50. Rc5 Re2 51. Nf3 Kf6 52. Kg1 Ne4 53.
Rc1 g4 54. Nd4 Rd2 55. Nb3 Rd3 56. Na5 f4 57. Nc4 Rd2 0-1

[Event "DRUGA LIGA CENTRALNE SRBIJE - ISTOK 2017"]
[Site "Srebrno jezero"]
[Date "2017.10.06"]
[Round "8.5"]
[White "Stojanovic, Milorad"]
[Black "Ivanovic, Zoran M"]
[Result "1/2-1/2"]
[WhiteElo "1922"]
[BlackElo "2030"]
[PlyCount "32"]
[EventDate "2017.09.08"]

1. e4 Nf6 2. e5 Nd5 3. d4 d6 4. c4 Nb6 5. f4 dxe5 6. fxe5 e6 7. Nf3 c5 8. Be3
cxd4 9. Bxd4 Nc6 10. Nc3 Nxd4 11. Qxd4 Qxd4 12. Nxd4 a6 13. O-O-O Nd7 14. Nf3
b6 15. Bd3 Bb7 16. Be4 Nc5 1/2-1/2

[Event "DRUGA LIGA CENTRALNE SRBIJE - ISTOK 2017"]
[Site "Srebrno jezero"]
[Date "2017.10.06"]
[Round "8.5"]
[White "Milosevic, Aleksandar J"]
[Black "Stankovic, Darko"]
[Result "1-0"]
[WhiteElo "1970"]
[BlackElo "1912"]
[PlyCount "51"]
[EventDate "2017.09.08"]

1. e4 c5 2. Nf3 Nc6 3. d4 cxd4 4. Nxd4 Nf6 5. Nc3 e5 6. Ndb5 d6 7. Bg5 a6 8.
Bxf6 gxf6 9. Na3 b5 10. Nd5 Bg7 11. c3 Be6 12. Nc2 f5 13. a4 Bxd5 14. Qxd5 Ne7
15. Qd2 O-O 16. axb5 axb5 17. Rd1 Ra6 18. Nb4 Rb6 19. exf5 Nxf5 20. Nd5 Rb7 21.
Bd3 Bh6 22. Qe2 Nh4 23. g3 Ng6 24. h4 Re8 25. Be4 Rb8 26. Qh5 1-0

[Event "DRUGA LIGA CENTRALNE SRBIJE - ISTOK 2017"]
[Site "Srebrno jezero"]
[Date "2017.10.06"]
[Round "8.5"]
[White "Pavlovic, Andrija"]
[Black "Radisavljevic, Dalibor"]
[Result "1-0"]
[WhiteElo "1665"]
[BlackElo "1871"]
[PlyCount "95"]
[EventDate "2017.09.08"]

1. Nf3 c5 2. e3 g6 3. d4 Bg7 4. b3 Nf6 5. Bb2 O-O 6. c4 d6 7. Nbd2 Nbd7 8. Bd3
Qc7 9. Qc2 e5 10. O-O b6 11. Rfe1 Bb7 12. d5 b5 13. e4 bxc4 14. bxc4 Nb6 15.
Bc3 Ba6 16. Rab1 Qd7 17. Ba5 Rfb8 18. Rb3 Qa4 19. Bxb6 Rxb6 20. Reb1 Rxb3 21.
axb3 Qb4 22. Ra1 Bc8 23. Ra4 Qb6 24. Qc3 a5 25. Nb1 Bd7 26. Ra2 Nxe4 27. Bxe4
f5 28. Nbd2 fxe4 29. Nxe4 h6 30. h3 Kf7 31. Nh4 g5 32. Qf3+ Kg8 33. Ng6 Qd8 34.
h4 g4 35. Qe3 h5 36. Qg5 Qxg5 37. hxg5 Kf7 38. Nh4 Ra6 39. f3 gxf3 40. Rf2 a4
41. bxa4 Rxa4 42. Rxf3+ Kg8 43. Nxd6 Ra1+ 44. Kh2 Bg4 45. Rf2 Re1 46. Ng6 e4
47. Ne7+ Kh8 48. Nf7+ 1-0

[Event "DRUGA LIGA CENTRALNE SRBIJE - ISTOK 2017"]
[Site "Srebrno jezero"]
[Date "2017.10.06"]
[Round "8.6"]
[White "Bozilov, Dragan"]
[Black "Bura, Goran"]
[Result "0-1"]
[WhiteElo "2003"]
[BlackElo "2231"]
[PlyCount "88"]
[EventDate "2017.09.08"]

1. e4 g6 2. d4 Bg7 3. Nf3 d6 4. h3 Nf6 5. Nc3 O-O 6. Be3 c6 7. a4 Qc7 8. Be2 e5
9. O-O Nbd7 10. Qd2 exd4 11. Nxd4 Re8 12. f3 a5 13. Rad1 Nc5 14. Bf4 Nfd7 15.
Bc4 Ne5 16. Ba2 Qb6 17. Kh1 Qb4 18. Nde2 Be6 19. Qxd6 Bxa2 20. Nxa2 Qxb2 21.
Qxc5 Qxa2 22. Ra1 Qc4 23. Qxc4 Nxc4 24. Rab1 b6 25. Rbd1 Rad8 26. c3 Rxd1 27.
Rxd1 Nb2 28. Ra1 b5 29. axb5 cxb5 30. Be3 Nc4 31. Bd4 Rd8 32. Bxg7 Kxg7 33. Nf4
Rd2 34. Nd5 a4 35. Nb4 Ne3 36. Ra2 Rd1+ 37. Kh2 Rc1 38. Ra3 Nc4 39. Ra2 Rxc3
40. Kg3 Rb3 41. Nd5 a3 42. Kf4 Rb2 43. Nc3 b4 44. Rxb2 axb2 0-1

[Event "DRUGA LIGA CENTRALNE SRBIJE - ISTOK 2017"]
[Site "Srebrno jezero"]
[Date "2017.10.06"]
[Round "8.6"]
[White "Rajkovic, Aleksandar"]
[Black "Stoimenov, Roki"]
[Result "1/2-1/2"]
[WhiteElo "2205"]
[BlackElo "2016"]
[PlyCount "43"]
[EventDate "2017.09.08"]

1. d4 Nf6 2. c4 g6 3. Nc3 Bg7 4. e4 d6 5. Nf3 O-O 6. Be2 Nbd7 7. O-O e5 8. Be3
exd4 9. Nxd4 Re8 10. a3 Ne5 11. Qd2 c6 12. Rad1 Qc7 13. Kh1 b6 14. Rc1 Bb7 15.
b4 Rad8 16. b5 c5 17. Nd5 Nxd5 18. cxd5 Qd7 19. Nc6 Ra8 20. a4 a5 21. Bd3 Nxd3
22. Qxd3 1/2-1/2

[Event "DRUGA LIGA CENTRALNE SRBIJE - ISTOK 2017"]
[Site "Srebrno jezero"]
[Date "2017.10.06"]
[Round "8.6"]
[White "Djordjevic, Lazar"]
[Black "Kostic, Tomislav"]
[Result "1/2-1/2"]
[WhiteElo "1833"]
[BlackElo "2046"]
[PlyCount "36"]
[EventDate "2017.09.08"]

1. e4 c5 2. Nf3 e6 3. c3 d5 4. exd5 exd5 5. d4 Nf6 6. Bb5+ Nc6 7. O-O Be7 8.
dxc5 Bxc5 9. Bg5 O-O 10. Nbd2 Bg4 11. Qa4 Bxf3 12. Nxf3 Qd6 13. Rad1 Rad8 14.
Rfe1 a6 15. Bd3 b5 16. Qxa6 h6 17. Bf4 Qd7 18. Bxh6 Bxf2+ 1/2-1/2

[Event "DRUGA LIGA CENTRALNE SRBIJE - ISTOK 2017"]
[Site "Srebrno jezero"]
[Date "2017.10.06"]
[Round "8.5"]
[White "Keca, Dragomir"]
[Black "Spasojevic, Zoran M"]
[Result "1/2-1/2"]
[WhiteElo "2174"]
[BlackElo "2226"]
[PlyCount "32"]
[EventDate "2017.09.08"]

1. c4 Nf6 2. g3 e6 3. Bg2 d5 4. d4 c5 5. cxd5 exd5 6. Nf3 Nc6 7. O-O Be7 8. Nc3
O-O 9. dxc5 Bxc5 10. Bg5 d4 11. Bxf6 Qxf6 12. Nd5 Qd8 13. Nd2 a6 14. Nc4 Ba7
15. Rc1 Re8 16. Qd2 Re5 1/2-1/2

[Event "DRUGA LIGA CENTRALNE SRBIJE - ISTOK 2017"]
[Site "Srebrno jezero"]
[Date "2017.10.06"]
[Round "8.5"]
[White "Blagojevic, Vladan"]
[Black "Zivkovic, Ljubisa"]
[Result "1-0"]
[WhiteElo "2065"]
[BlackElo "1965"]
[PlyCount "115"]
[EventDate "2017.09.08"]

1. c4 Nf6 2. b3 g6 3. Bb2 Bg7 4. Nf3 O-O 5. g3 b6 6. Bg2 Bb7 7. O-O c5 8. e3 e6
9. d4 d5 10. Ne5 Nfd7 11. Nf3 Qc7 12. Nbd2 Rd8 13. Qc1 a5 14. dxc5 Nxc5 15.
Bxg7 Kxg7 16. Qb2+ f6 17. Nd4 Qe7 18. cxd5 Bxd5 19. Bxd5 Rxd5 20. Nc4 Ra6 21.
Qe2 e5 22. Nf3 e4 23. Nd4 Ne6 24. Nxe6+ Qxe6 25. Rad1 b5 26. Rxd5 Qxd5 27. Na3
Rb6 28. Rd1 Qc5 29. Nc2 Rd6 30. Rxd6 Qxd6 31. Nd4 Nc6 32. Nxb5 Qb4 33. Nc7 Ne5
34. Ne6+ Kh6 35. Nd4 f5 36. h3 Qa3 37. Qc2 Qb4 38. Qe2 Qa3 39. Kg2 Nd3 40. g4
f4 41. g5+ Kxg5 42. Qg4+ Kh6 43. Qh4+ Kg7 44. Ne6+ Kg8 45. Qd8+ Kf7 46. Ng5+
Kg7 47. Qd7+ Kh6 48. Nf7+ Kg7 49. Ne5+ Kg8 50. Qd5+ Kg7 51. Qxe4 Ne1+ 52. Kf1
Qc1 53. Qb7+ Kh6 54. Ng4+ Kg5 55. Qe7+ Kh5 56. Qxh7+ Kg5 57. exf4+ Kf5 58. Qf7+
1-0